000 00574nam a22002177a 4500
003 UA-OsUOA
001 39041
007 ta
008 20060606b un ||||| |||| 00| 0 ukr d
090 _a27(091)
_bИ90
942 _cBK
040 _aUA-OsUOA
_brus
_cUA-OsUOA
_dUA-OsUOA
245 _aИстория церкви
_bУчебное пособие
300 _a477 с.
955 _a2
041 _arus
080 _a27(091)
246 3 1 _aЧасть 2
_n
650 7 _a27 Загальна історія Християнської церкви
_2UDC
999 _c325185
_d325185